JavaScript : (رقم التسجيلة. 33097)

تفاصيل مارك
000 -الفاتح
حقل البيانات ثابتة الطول 01239cam a2200325 i 4500
001 - رقم الضبط
رقم الضبط 17461628
003 - محدد رقم الضبط
رقم الضبط OSt
005 - وقت وتاريخ اخر تعامل مع التسجيلة
رقم الضبط 20150408114202.0
008 - عناصر البيانات ثابتة الطول - معلومات عامة
حقل البيانات ثابتة الطول 120913s2012 nyu 001 0 eng
010 ## - رقم ضبط مكتبة الكونجرس
رقم ضبط مكتبة الكونجرس 2012028900
020 ## - الرقم الدولى المعيارى للكتب
الرقم الدولى المعيارى للكتاب 9780071741200
020 ## - الرقم الدولى المعيارى للكتب
الرقم الدولى المعيارى للكتاب 0071741208
040 ## - مصدر الفهرسة
وكالة الفهرسة الأصلية DLC
لغة الفهرسة eng
وكالة النسخ DLC
قواعد الوصف rda
وكالة التعديل DLC
042 ## - رمز التحقق
رمز التحقق pcc
050 00 - رقم طلب مكتبة الكونجرس
رقم التصنيف QA76.73.J39
رقم المادة P69 2012
082 00 - رقم تصنيف ديوى العشرى
رقم التصنيف 005.2762
رقم الطبعة 23
رقم المادة PTJ
100 1# - المدخل الرئيسى - إسم شخصى
الإسم الشخصى Powell, Thomas A.,
التواريخ المصاحبة للاسم 1968-
245 10 - بيان العنوان
العنوان JavaScript :
بقية العنوان the complete reference /
بيان المسئوليه,etc Thomas A. Powell, Fritz Schneider.
250 ## - بيان الطبعة
بيان الطبعة Third edition.
300 ## - الوصف المادى
التعداد xxi, 954 pages ;
أبعاد الوعاء 24 cm
500 ## - تبصرة عامة
تبصرة عامة Includes index.
650 #0 - المدخل الاضافى بالموضوع-مصطلح موضوعى
مصطلح موضوعي أو اسم جغرافي كعنصر مدخل JavaScript (Computer program language)
9 (RLIN) 4798
700 1# - المدخل الاضافى - اسم شخصى
الإسم الشخصى Schneider, Fritz.
9 (RLIN) 5000
856 42 - الوصول و الموقع الالكترونى
مواد محددة Contributor biographical information
معرف المصدر الموحد <a href="http://www.loc.gov/catdir/enhancements/fy1301/2012028900-b.html">http://www.loc.gov/catdir/enhancements/fy1301/2012028900-b.html</a>
856 42 - الوصول و الموقع الالكترونى
مواد محددة Publisher description
معرف المصدر الموحد <a href="http://www.loc.gov/catdir/enhancements/fy1301/2012028900-d.html">http://www.loc.gov/catdir/enhancements/fy1301/2012028900-d.html</a>
856 41 - الوصول و الموقع الالكترونى
مواد محددة Table of contents only
معرف المصدر الموحد <a href="http://www.loc.gov/catdir/enhancements/fy1301/2012028900-t.html">http://www.loc.gov/catdir/enhancements/fy1301/2012028900-t.html</a>
906 ## - عنصر بيانات محلى F, LDF (RLIN)
a 7
b cbc
c orignew
d 1
e ecip
f 20
g y-gencatlg
942 ## - عناصر المدخل الإضافي( كوها)
مصدر التصنيف او مخطط الترفيف Dewey Decimal Classification
Koha [default] item type DVD
المقتنيات
حالة الفقد نموذج السعر الفعال حالة تلف ليس للاعارة رقم الطلب تاريخ الاكتساب الموقع الحالي الفرع الرئيسي Date last seen نوع المادة فى نظام كوها مصدر التصنيف او خطة الترفيف Total Checkouts
  2014-01-09     005.2762 PTJ 2014-01-09 المكتبة المركزية بالمجمعة (CL) المكتبة المركزية بالمجمعة (CL) 2014-01-09 كتاب Dewey Decimal Classification